Les Clubs de Zlatan Ibrahimović (Mort subite) - Statistiques

Statistiques générales
  • Ce quiz a été pris 666 fois
  • Le résultat moyen est 7 sur 9
Answers on the Grid
Answers color-coded by a green-red scale on the quiz's grid according to % correct below.
Malmö FF
Ajax Amsterdam
Juventus Turin
Inter Milan
Paris SG
Milan AC
Manchester United
Los Angeles Galaxy
FC Barcelone
Manchester City
IFK Göteborg
PSV Eindhoven
AS Rome
Olympique de Marseille
Real Madrid
Los Angeles FC
Red Bull Salzbourg
Etoile Rouge Belgrade
Al-Nassr FC
Atlético de Madrid
 
Statistiques - réponses
Réponse % Correct
2012-2016 Paris SG
87%
2010-2012 / 2020-2023 Milan AC
85%
2009-2011 FC Barcelone
82%
2006-2009 Inter Milan
79%
2001-2004 Ajax Amsterdam
78%
2016-2018 Manchester United
77%
2018-2020 Los Angeles Galaxy
73%
1999-2001 Malmö FF
71%
2004-2006 Juventus Turin
67%
Aucun quiz correspondant
Distribution des résultats
% des personnes avec chaque résultat
Percentile par nombre de réponses
Votre historique - résultats
Vous n’avez pas pris ce quiz